Naše každodenné problémy...

Bibliographic Details
Main Author: Sulíková, Rozália, 1956- (Author)
Format: Article
Language:Slovak
PhysicalDescription:Obr. 2
ISSN:0139-6919
Subjects:

MARC

LEADER 00000nab a2200000 a 4500
001 vtls000574235
003 SK-MaSNL
005 20260304085415.0
008 250425c1996 xo 0 slo
015 |a SNBRB19rr/mm-uuuuu 
035 |a CL0574373 
035 |a urn:nbn:sk:snk-abd2sn 
035 |a (urnnbn)urn:nbn:sk:snk:ar-007e6f 
035 |a (uuid)d189164f-8ac2-4ead-b564-ed5c9aa95f5b 
040 |a SNKBUCL  |b slo  |c SNKBUCL  |e AACR2 
041 0 |a slo 
044 |a xo  |c SK 
080 |a 159.92:37.03  |2 1981 
080 |a 37.03  |2 1981 
100 1 |a Sulíková, Rozália,  |d 1956-  |4 aut  |9 237148 
245 1 0 |a Naše každodenné problémy...  |c Rozália Sulíková 
300 |b Obr. 2 
650 0 7 |a správanie asertívne  |2 snkbucl  |9 991706 
650 0 7 |a právo asertívne  |2 snkbucl  |9 982855 
655 7 |a články z novín a časopisov  |2 snkbucl  |9 267496 
773 0 |t Vychovávateľ  |g Roč. 40, č. 5-6 (1996), s. 12-13  |x 0139-6919 
850 |a Slovenská národná knižnica 
852 |a Slovenská národná knižnica 
954 |a odborná, vedecká literatúra pôvodná (slovenská)  |2 lita 
958 |a article17 
958 |a OND 
958 |a RK 
958 |a EUIPO 
992 |a RBX 
999 |c 2807913  |d 2809843